Test de Rapidité - de AA à ZZ - Statistiques

Statistiques générales
  • Ce quiz a été pris 258 fois
  • Le résultat moyen est 20 sur 26
Statistiques - réponses
Hint Réponse % Correct
X AA
99%
EE
88%
BB
87%
CC
85%
FF
85%
DD
84%
II
83%
GG
82%
HH
80%
JJ
80%
LL
79%
MM
79%
KK
78%
OO
78%
RR
77%
PP
76%
TT
76%
ZZ
76%
NN
73%
QQ
73%
UU
73%
SS
72%
VV
68%
YY
66%
WW
65%
XX
64%
Aucun quiz correspondant
Distribution des résultats
% des personnes avec chaque résultat
Percentile par nombre de réponses
Votre historique - résultats
Vous n’avez pas pris ce quiz